[Event "Ostrava op"]
[Site "Ostrava"]
[Date "2009.05.08"]
[Round "7"]
[White "Ambros, Zdenek"]
[Black "Ruzicka, Vaclav"]
[Result "1-0"]
[WhiteElo "1965"]
[BlackElo "1720"]
[PlyCount "135"]
[EventDate "2009.05.02"]
[EventType "swiss"]
[EventRounds "9"]
[EventCountry "CZE"]
[SourceTitle "EXT 2011"]
[Source "ChessBase"]
[SourceDate "2010.11.26"]
[SourceVersion "1"]
[SourceVersionDate "2010.11.26"]
[SourceQuality "1"]

1. b4 e5 2. Bb2 Nf6 3. Bxe5 Bxb4 4. c4 Nc6 5. Bb2 0-0 6. Nf3 Re8 7. a3 Ba5 8. g3 d6 9. Bg2 Qe7 10. e3 Bf5 11. 0-0 Bd3 12. Re1 Bxc4 13. Qc2 Qe4 14. Qxe4 Nxe4 15. Nc3 Nc5 16. Bf1 Nd3 17. Reb1 Nxb2 18. Rxb2 Bxf1 19. Kxf1 Bxc3 20. dxc3 b6 21. c4 a6 22. Ke2 f6 23. Rc1 Rab8 24. Rc3 Kf7 25. Ne1 b5 26. cxb5 Nd4+ 27. Kd3 Nxb5 28. Rcb3 Rbc8 29. Rc2 d5 30. Rc5 d4 31. e4 Nd6 32. f3 Re5 33. Rc6 Rb5 34. Rxb5 axb5 35. Nc2 Nc4 36. Kxd4 Ne5 37. Rc3 Ke6 38. Kc5 c6 39. Nd4+ Kd7 40. f4 Nc4 41. Nf5 g6 42. Rd3+ Kc7 43. Ne7 Ra8 44. Nxc6 Nxa3 45. Nd4 Kc8 46. Ne6 Kb7 47. Rd7+ Kc8 48. Rd8+ Kb7 49. Rxa8 Kxa8 50. Nf8 Kb7 51. Nxh7 f5 52. e5 Kc7 53. Nf8 b4 54. Kxb4 Nc2+ 55. Kc5 Ne3 56. Nxg6 Kd7 57. Nh4 Ke6 58. Nf3 Kf7 59. Kd6 Nc4+ 60. Kd7 Nb6+ 61. Kd8 Nd5 62. Ng5+ Kf8 63. Ne6+ Kf7 64. Nd4 Kg6 65. Kd7 Nb6+ 66. Ke6 Na4 67. Nxf5 Nc5+ 68. Kd5 1-0

[Event "Ostrava op"]
[Site "Ostrava"]
[Date "2009.05.03"]
[Round "2"]
[White "Ambros, Zdenek"]
[Black "Oresky, Jan"]
[Result "0-1"]
[WhiteElo "1965"]
[BlackElo "2100"]
[PlyCount "128"]
[EventDate "2009.05.02"]
[EventType "swiss"]
[EventRounds "9"]
[EventCountry "CZE"]
[SourceTitle "EXT 2011"]
[Source "ChessBase"]
[SourceDate "2010.11.26"]
[SourceVersion "1"]
[SourceVersionDate "2010.11.26"]
[SourceQuality "1"]

1. c4 e6 2. Nc3 d5 3. d4 c5 4. Nf3 Nc6 5. e3 Nf6 6. Bd3 a6 7. dxc5 Bxc5 8. 0-0 0-0 9. a3 dxc4 10. Bxc4 b5 11. Bd3 Bb7 12. b4 Ba7 13. Bb2 Qe7 14. Qe2 Rfd8 15. Rfd1 e5 16. Bc2 h6 17. Nd2 Rac8 18. Nde4 Nb8 19. Nxf6+ Qxf6 20. Qh5 Qe7 21. Bb3 Rxd1+ 22. Rxd1 Nc6 23. Ne4 Rd8 24. Ng3 Rxd1+ 25. Qxd1 Bb8 26. e4 Nd4 27. Ba2 Ba7 28. Bxd4 exd4 29. Qd3 g6 30. f3 Kg7 31. Ne2 Qc7 32. g3 Qd7 33. Kg2 Bc8 34. Kg1 Bb7 35. Kg2 Bc8 36. Kg1 h5 37. Bd5 Bb7 38. Ba2 h4 39. Kg2 hxg3 40. hxg3 Qd6 41. Qb3 Qc7 42. Qd3 Bc8 43. Kf2 a5 44. Kg2 axb4 45. axb4 Qd6 46. Qd2 Bd7 47. Nf4 Qe5 48. Nd3 Qc7 49. Qe2 Qc3 50. e5 Bf5 51. Nf2 d3 52. Qf1 Qc2 53. Bb1 Qxf2+ 54. Qxf2 Bxf2 55. Bxd3 Bxd3 56. Kxf2 Bc4 57. Ke3 Kf8 58. g4 Ke7 59. f4 Be6 60. Kf3 Bd5+ 61. Ke3 Ke6 62. Kf2 g5 63. Ke3 gxf4+ 64. Kxf4 Bh1 0-1